Central Library OPAC University of Rajshahi

Learning and reinforcement / (Record no. 30133)

MARC details
000 -LEADER
fixed length control field 00819nam a2200289 4500
001 - CONTROL NUMBER
control field 30133
003 - CONTROL NUMBER IDENTIFIER
rucl marc code BD-RjUL
005 - DATE AND TIME OF LATEST TRANSACTION
control field 20211209051522.0
008 - FIXED-LENGTH DATA ELEMENTS--GENERAL INFORMATION
fixed length control field 140409s1975 enka b 001 0 eng d
020 ## - INTERNATIONAL STANDARD BOOK NUMBER
International Standard Book Number 0416827802
International Standard Book Number 041682790X
035 ## - SYSTEM CONTROL NUMBER
System control number (BD-RjUL)30218
040 ## - CATALOGING SOURCE
Original cataloging agency DLC
Transcribing agency DLC
Modifying agency BD-RjUL
Language of cataloging eng
041 ## - LANGUAGE CODE
Language code of text/sound track or separate title eng
082 00 - DEWEY DECIMAL CLASSIFICATION NUMBER
Classification number 150.194
Author mark and year WAL 1975
100 1# - MAIN ENTRY--PERSONAL NAME
Personal name Walker, Stephen,
Dates associated with a name 1941-
9 (RLIN) 91620
245 10 - TITLE STATEMENT
Title Learning and reinforcement /
Statement of responsibility, etc. Stephen Walker.
260 ## - PUBLICATION, DISTRIBUTION, ETC. (IMPRINT)
Place of publication, distribution, etc. London :
Name of publisher, distributor, etc. Methuen,
Date of publication, distribution, etc. 1975.
300 ## - PHYSICAL DESCRIPTION
Pagination 144 p. :
Illustrations ill. ;
Size 19 cm.
504 ## - BIBLIOGRAPHY, ETC. NOTE
Bibliography, etc Includes bibliographies and indexes.
650 #0 - SUBJECT ADDED ENTRY--TOPICAL TERM
Topical term or geographic name as entry element Conditioned response.
9 (RLIN) 7097
Topical term or geographic name as entry element Reinforcement (Psychology)
9 (RLIN) 5068
942 ## - ADDED ENTRY ELEMENTS (KOHA)
Source of classification or shelving scheme Dewey Decimal Classification
Koha item type Books
Holdings
Lost status Source of classification or shelving scheme Damaged status Not for loan Collection code Permanent Location Current Location Shelving location Date acquired Source of acquisition Cost, normal purchase price Total Checkouts Full call number Date last seen Copy number Koha item type
  Dewey Decimal Classification     Non-fiction Central Library, University of Rajshahi Central Library, University of Rajshahi Reading Room 14/05/1977 W. HEFFERS AND SONS. 10.80   150.194 WAL 1975 09/04/2014 C-1 Books
  Dewey Decimal Classification     Non-fiction Central Library, University of Rajshahi Central Library, University of Rajshahi   17/05/1977 w. haffer and sons 0.80   150.194 WAL 1975 09/04/2014 C-2 Books